Normale Ansicht MARC-Ansicht ISBD

Vlast', informacija, obščestvo : (Titelsatznr. 29745)

[ MARC ]
MARC-Details
000 -Satzkennung
Kontrollfeld mit fester Länge 00715nam a22002171c 4500
001 - Kontrollnummer
Kontrollfeld a987693023
008 - Feld mit fester Länge zur physischen Beschreibung - Allgemeine Angaben
Kontrollfeld mit fester Länge 200210s2020 gw |||| 000u rus d
020 ## - Internationale Standardbuchnummer
Internationale Standardbuchnummer 9785807104632
Verknüpfung 978-5-8071-0463-2
041 ## - Sprachcode
Sprachcode des Textes/der Tonspur oder des separaten Titels rus
040 ## - Katalogisierungsquelle
Übertragungsstelle RU-10907106
003 - Kontrollnummer Identifier
Kontrollfeld RU-10907106
100 1# - Haupteintragung - Personenname
Personenname Balandina, Olesja Aleksandrovna
245 00 - Titel
Titel Vlast', informacija, obščestvo :
Zusatz zum Titel ich vzaimosvjazi v dejatel'nosti Sovetskogo informbjuro v uslovijach Velikoj Otečestvennoij voiny
264 ## - Produktion, Veröffentlichung, Distribution, Herstellung und Urheberrechtsvermerk
Herstellungs-, Veröffentlichungs- Vertriebs-, Erzeugungsort Sankt-Peterburg :
Produzent, Herausgeber, Distributor, Hersteller Evrasija,
Datum der Herstellung, der Veröffentlichung, des Vertriebs oder des Urheberschutzvermerks 2020
300 ## - Physische Beschreibung
Umfang 320 Seiten
610 #0 - Nebeneintragung unter einem Schlagwort - Körperschaftsname
Körperschafts- oder Gebietskörperschaftsname als Eintragungselement Sowjetisches Informationsbüro
650 #0 - Nebeneintragung unter einem Schlagwort - Sachschlagwort
Sachschlagwort oder geografischer Name als Eintragungselement Zweiter Weltkrieg
651 #0 - Nebeneintragung unter einem Schlagwort - Geografischer Name
Geografischer Name Sowjetunion
700 1# - Nebeneintragung - Personenname
Personenname Davydov, Aleksandr Jur'evič
Funktionsbezeichnung VerfasserIn
942 ## - Zusätzliche Felder (Koha)
Koha-Medientyp Monographien
Exemplare
Ausgeschieden Verloren Klassifikation oder Aufstellungssystematik Beschädigt Nicht entleihbar Heimatbibliothek Aufenthaltsbibliothek Aufstellungsort Erwerbungsdatum Inventarnummer Signatur Barcode Letzte Aktivität Preis gültig von Koha-Medientyp
    Andere/Generische Klassifikation     MWN Osteuropa MWN Osteuropa Magazin - 2 10/02/2020 20-00046 R 63 x Bal E00401080A939944 23/02/2021 22/03/2021 Monographien